书目信息 |
| 题名: |
抽样调查理论基础
|
|
| 作者: | ;谢嘉 译 ;联合国统计局 编 | |
| 分册: | ||
| 出版信息: | 上海 上海人民出版社 1984 |
|
| 页数: | 276页 | |
| 开本: | 19cm | |
| 丛书名: | ||
| 单 册: | ||
| 中图分类: | C81 | |
| 科图分类: | ||
| 主题词: | 抽样调查--基础理论 | |
| 电子资源: | ||
| ISBN: | ||
| 000 | 00782nam0 2200265 45 | |
| 001 | 0184010468 | |
| 005 | 20060727110043.62 | |
| 010 | @dCNY0.67 | |
| 091 | @aCN@b4074.528 | |
| 100 | @a19950619d1984 emky0chiy0121 ea | |
| 101 | 1 | @achi@ceng |
| 102 | @aCN@b310000 | |
| 105 | @ay z 000yy | |
| 200 | 10 | @a抽样调查理论基础@Achou yang diao cha li lun ji chu@f联合国统计局编@g谢嘉等译 |
| 210 | @a上海@c上海人民出版社@d1984 | |
| 215 | @a276页@d19cm | |
| 300 | @a书名原文:Elements of Sample Survey Theory | |
| 510 | 1 | @aElements of Sample Survey Theory@zeng |
| 606 | @a抽样调查@x基础理论 | |
| 690 | @aC81@v3 | |
| 702 | 0 | @a谢嘉@Axie jia@4译 |
| 711 | 02 | @a联合国统计局@Alian he guo tong ji ju@4编 |
| 801 | 2 | @aCN@bNLC@c20060727 |
| 801 | 0 | @aCN@bTSSF |
| 905 | @a10447@dC81@e43 | |
| 抽样调查理论基础/联合国统计局编/谢嘉等译.-上海:上海人民出版社,1984 |
| 276页;19cm |
| 书名原文:Elements of Sample Survey Theory |
| ISBN :CNY0.67 |
| ● |
| 相关链接 |
|
|
|
|
正题名:抽样调查理论基础
索取号:C81/43
 
预约/预借
| 序号 | 登录号 | 条形码 | 馆藏地/架位号 | 状态 | 备注 |
| 1 | 0439964 | 204399640 | 密集书库/ [索取号:C81/43] | 在馆 |